000 00309nam a22001337a 4500
008 181018b xxu||||| |||| 00| 0 eng d
020 _a9780827362710
041 _aeng
080 _a610
100 _a4
101 _aSHM
245 _aPrinciples Of Public Health Practice
_cKeck.C.W
942 _2udc
_cBK
999 _c50144
_d50144